All French Guiana cities on Cityquiz.io - Statistics

General Stats
  • This quiz has been taken 27 times
  • The average score is 3 of 22
Answer Stats
Population (on Cityquiz.io) Answer % Correct
61,268 Cayenne
100%
9,241 Apatou
25%
25,685 Kourou
25%
14,202 Macouria
25%
10,894 Mana
25%
31,956 Matoury
25%
876 Régina
25%
25,122 Remire-Montjoly
25%
4,131 Saint-Georges
25%
42,612 Saint-Laurent-du-Maroni
25%
1,411 Awala-Yalimapo
0%
1,805 Camopi
0%
7,918 Grand-Santi
0%
1,799 Iracoubo
0%
13,227 Maripasoula
0%
2,589 Montsinéry-Tonnegrande
0%
200 Ouanary
0%
6,668 Papaïchton
0%
3,783 Roura
0%
242 Saint-Élie
0%
152 Saül
0%
2,919 Sinnamary
0%
No matching quizzes found
Score Distribution
Percent of People with Each Score
Percentile by Number Answered
Your Score History
You have not taken this quiz